[Event "British Rapidplay 2017"]
[Site "Leeds"]
[Date "2017.11.19"]
[Round "9.2"]
[White "Alsina Leal, Daniel"]
[Black "Surtees, Mike J"]
[Result "1-0"]
[BlackElo "2123"]
[WhiteElo "2508"]
[LiveChessVersion "1.4.8"]

1. e4 {[%clk 0:20:19]} c6 {[%clk 0:20:19]} 2. d4 {[%clk 0:20:28]} d5
{[%clk 0:20:27]} 3. Nd2 {[%clk 0:20:36]} Nh6 {[%clk 0:19:23]} 4. Ngf3
{[%clk 0:20:44]} g6 {[%clk 0:19:22]} 5. Bd3 {[%clk 0:20:35]} Na6 {[%clk 0:18:34]}
6. c3 {[%clk 0:20:35]} Nc7 {[%clk 0:18:38]} 7. O-O {[%clk 0:20:34]} Bg7
{[%clk 0:18:44]} 8. Re1 {[%clk 0:19:49]} O-O {[%clk 0:18:49]} 9. Qe2
{[%clk 0:19:18]} Re8 {[%clk 0:17:41]} 10. h3 {[%clk 0:19:23]} a5 {[%clk 0:17:07]}
11. a4 {[%clk 0:19:14]} f6 {[%clk 0:15:06]} 12. e5 {[%clk 0:14:15]} Nf7
{[%clk 0:14:54]} 13. Nf1 {[%clk 0:13:49]} fxe5 {[%clk 0:14:52]} 14. dxe5
{[%clk 0:13:43]} c5 {[%clk 0:14:01]} 15. Bf4 {[%clk 0:13:12]} Rf8
{[%clk 0:12:44]} 16. Bg3 {[%clk 0:13:07]} Nh6 {[%clk 0:10:23]} 17. Rad1
{[%clk 0:12:36]} Qe8 {[%clk 0:09:17]} 18. e6 {[%clk 0:11:42]} Qc6
{[%clk 0:04:53]} 19. Bb5 {[%clk 0:10:45]} Nxb5 {[%clk 0:03:58]} 20. axb5
{[%clk 0:10:54]} Qe8 {[%clk 0:03:58]} 21. Rxd5 {[%clk 0:10:50]} b6
{[%clk 0:03:29]} 22. N1d2 {[%clk 0:08:51]} Ra7 {[%clk 0:02:54]} 23. Qd3
{[%clk 0:05:35]} a4 {[%clk 0:01:24]} 24. Nb1 {[%clk 0:03:57]} Nf5
{[%clk 0:00:40]} 25. Bh2 {[%clk 0:03:55]} Bf6 {[%clk 0:00:42]} 26. Qc4
{[%clk 0:01:28]} Ng7 {[%clk 0:00:21]} 27. Rd3 {[%clk 0:01:24]} Nf5
{[%clk 0:00:21]} 28. Ne5 {[%clk 0:01:03]} Bxe5 {[%clk 0:00:22]} 29. Bxe5
{[%clk 0:01:09]} Ng7 {[%clk 0:00:23]} 30. Bxg7 {[%clk 0:00:57]} Kxg7
{[%clk 0:00:32]} 31. Na3 {[%clk 0:00:58]} Rf6 {[%clk 0:00:39]} 32. Re2
{[%clk 0:00:53]} Qg8 {[%clk 0:00:38]} 33. Rde3 {[%clk 0:01:02]} Bb7
{[%clk 0:00:34]} 34. Qd3 {[%clk 0:01:08]} Ba8 {[%clk 0:00:16]} 35. Nc4
{[%clk 0:01:12]} Qb8 {[%clk 0:00:18]} 36. Ne5 {[%clk 0:00:59]} Rxe6
{[%clk 0:00:13]} 37. Nc6 {[%clk 0:00:58]} Rxe3 {[%clk 0:00:17]} 38. Rxe3
{[%clk 0:00:57]} Bxc6 {[%clk 0:00:26]} 39. bxc6 {[%clk 0:01:05]} Qd6
{[%clk 0:00:34]} 40. Qxd6 {[%clk 0:00:13]} exd6 {[%clk 0:00:43]} 41. Re6
{[%clk 0:00:22]} Kf7 {[%clk 0:00:50]} 42. Rxd6 {[%clk 0:00:31]} Ke7
{[%clk 0:01:00]} 43. Rd1 {[%clk 0:00:33]} Rc7 {[%clk 0:01:00]} 44. Ra1
{[%clk 0:00:28]} b5 {[%clk 0:01:09]} 45. c4 {[%clk 0:00:35]} bxc4
{[%clk 0:00:52]} 46. Rxa4 {[%clk 0:00:44]} Rxc6 {[%clk 0:01:01]} 47. Rxc4
{[%clk 0:00:53]} Kd6 {[%clk 0:00:30]} 48. Kf1 {[%clk 0:00:54]} Rb6
{[%clk 0:00:38]} 49. Rc2 {[%clk 0:01:01]} Kd5 {[%clk 0:00:41]} 50. Ke2
{[%clk 0:01:07]} c4 {[%clk 0:00:44]} 51. Kd2 {[%clk 0:01:10]} Kd4
{[%clk 0:00:48]} 52. Kc1 {[%clk 0:01:16]} Re6 {[%clk 0:00:52]} 53. Rd2+
{[%clk 0:01:23]} Kc5 {[%clk 0:01:00]} 54. Kd1 {[%clk 0:00:59]} Re7
{[%clk 0:01:05]} 55. Re2 {[%clk 0:01:01]} Rf7 {[%clk 0:01:02]} 56. Kc2
{[%clk 0:01:04]} Kd4 {[%clk 0:01:07]} 57. f3 {[%clk 0:01:11]} Ra7
{[%clk 0:00:51]} 58. Re4+ {[%clk 0:01:16]} Kd5 {[%clk 0:01:01]} 59. Kc3
{[%clk 0:01:19]} Ra4 {[%clk 0:00:19]} 60. Rd4+ {[%clk 0:01:11]} Kc5
{[%clk 0:00:17]} 61. b3 {[%clk 0:01:08]} Ra2 {[%clk 0:00:22]} 62. Rxc4+
{[%clk 0:01:15]} Kb5 {[%clk 0:00:28]} 63. Rg4 {[%clk 0:01:23]} Ra1
{[%clk 0:00:33]} 64. Rg5+ {[%clk 0:01:28]} Kc6 {[%clk 0:00:42]} 65. h4
{[%clk 0:01:15]} Rh1 {[%clk 0:00:47]} 66. g3 {[%clk 0:01:18]} Rf1
{[%clk 0:00:53]} 67. f4 {[%clk 0:01:26]} Kb6 {[%clk 0:00:29]} 68. Kb4
{[%clk 0:01:26]} Rf3 {[%clk 0:00:35]} 69. Kc4 {[%clk 0:01:29]} Rf1
{[%clk 0:00:41]} 70. h5 {[%clk 0:01:35]} gxh5 {[%clk 0:00:48]} 71. Rxh5
{[%clk 0:01:44]} Rf3 {[%clk 0:00:44]} 72. Rh6+ {[%clk 0:01:52]} Ka5
{[%clk 0:00:52]} 73. b4+ {[%clk 0:01:59]} 1-0

[Event "British Rapidplay 2017"]
[Site "Leeds"]
[Date "2017.11.19"]
[Round "9.3"]
[White "Grattage, Matthew"]
[Black "Dong, Bao Nghia"]
[Result "1-0"]
[BlackElo "2183"]
[WhiteElo "2077"]
[LiveChessVersion "1.4.8"]

1. d4 {[%clk 0:20:17]} Nf6 {[%clk 0:20:17]} 2. Bf4 {[%clk 0:20:26]} c5
{[%clk 0:20:25]} 3. c3 {[%clk 0:20:24]} cxd4 {[%clk 0:20:22]} 4. cxd4
{[%clk 0:20:31]} Qb6 {[%clk 0:20:24]} 5. b3 {[%clk 0:20:28]} Nd5 {[%clk 0:20:29]}
6. Bg3 {[%clk 0:20:29]} e6 {[%clk 0:20:29]} 7. e3 {[%clk 0:20:12]} Bb4+
{[%clk 0:20:30]} 8. Nd2 {[%clk 0:20:20]} Qa5 {[%clk 0:20:15]} 9. Bc4
{[%clk 0:19:21]} O-O {[%clk 0:16:32]} 10. Bxd5 {[%clk 0:19:09]} Qxd5
{[%clk 0:16:37]} 11. Ngf3 {[%clk 0:19:16]} f5 {[%clk 0:16:26]} 12. O-O
{[%clk 0:19:12]} b6 {[%clk 0:16:34]} 13. Nc4 {[%clk 0:18:05]} b5 {[%clk 0:16:22]}
14. a3 {[%clk 0:16:49]} Be7 {[%clk 0:14:46]} 15. Na5 {[%clk 0:16:06]} Bd8
{[%clk 0:14:21]} 16. Qd2 {[%clk 0:15:52]} g5 {[%clk 0:13:12]} 17. Rfc1 Na6 18.
Rc2 {[%clk 0:14:07]} g4 {[%clk 0:12:05]} 19. Ne1 {[%clk 0:12:34]} Be7
{[%clk 0:06:56]} 20. b4 {[%clk 0:12:19]} Bd8 {[%clk 0:06:58]} 21. Rac1
{[%clk 0:11:42]} Bxa5 {[%clk 0:07:03]} 22. bxa5 {[%clk 0:11:50]} Bb7
{[%clk 0:07:10]} 23. f4 {[%clk 0:10:38]} Rac8 {[%clk 0:06:59]} 24. Bh4
{[%clk 0:09:10]} Rxc2 {[%clk 0:06:53]} 25. Rxc2 {[%clk 0:09:18]} Rc8
{[%clk 0:06:58]} 26. Rxc8+ {[%clk 0:07:58]} Bxc8 {[%clk 0:07:07]} 27. Nd3
{[%clk 0:07:54]} Qb3 {[%clk 0:06:24]} 28. Be7 {[%clk 0:07:48]} Bb7
{[%clk 0:06:28]} 29. Nc5 {[%clk 0:06:54]} Nxc5 {[%clk 0:06:21]} 30. Bxc5
{[%clk 0:06:48]} Qb1+ {[%clk 0:06:17]} 31. Kf2 {[%clk 0:06:53]} Qh1
{[%clk 0:06:14]} 32. Kg3 {[%clk 0:06:50]} Kf7 {[%clk 0:05:53]} 33. a6
{[%clk 0:04:57]} Bd5 {[%clk 0:05:31]} 34. h4 {[%clk 0:02:15]} gxh3
{[%clk 0:05:08]} 35. gxh3 {[%clk 0:02:22]} Qf3+ {[%clk 0:04:50]} 36. Kh4
{[%clk 0:01:37]} Bc4 {[%clk 0:04:47]} 37. Bxa7 {[%clk 0:00:57]} Qa8
{[%clk 0:01:37]} 38. Bc5 {[%clk 0:00:52]} Qxa6 {[%clk 0:01:46]} 39. Qd1
{[%clk 0:00:38]} Ke8 {[%clk 0:01:00]} 40. Qh5+ {[%clk 0:00:46]} Kd8
{[%clk 0:01:09]} 41. Qxh7 {[%clk 0:00:54]} Qc6 {[%clk 0:01:11]} 42. Kg5
{[%clk 0:00:54]} Qf3 {[%clk 0:01:02]} 43. Kf6 {[%clk 0:00:43]} Kc7
{[%clk 0:01:07]} 44. Qe7 {[%clk 0:00:32]} Qc6 {[%clk 0:00:46]} 45. h4
{[%clk 0:00:26]} Be2 {[%clk 0:00:55]} 46. Bb4 {[%clk 0:00:27]} Kb7
{[%clk 0:00:50]} 47. Qd6 {[%clk 0:00:28]} Qc8 {[%clk 0:00:57]} 48. Ke7
{[%clk 0:00:32]} Qh8 {[%clk 0:00:24]} 49. Qxd7+ Ka8 50. Qe8+ {[%clk 0:00:40]}
Qxe8+ {[%clk 0:00:42]} 51. Kxe8 {[%clk 0:00:49]} Kb7 {[%clk 0:00:52]} 52. Kd7
{[%clk 0:00:57]} Bf3 {[%clk 0:00:57]} 53. Kxe6 {[%clk 0:01:05]} Bg4
{[%clk 0:01:06]} 54. d5 {[%clk 0:01:12]} Kc8 {[%clk 0:01:16]} 55. Ke7
{[%clk 0:01:21]} Bf3 {[%clk 0:01:23]} 56. d6 {[%clk 0:01:30]} Bc6
{[%clk 0:01:32]} 57. h5 {[%clk 0:01:39]} 1-0

[Event "British Rapidplay 2017"]
[Site "Leeds"]
[Date "2017.11.19"]
[Round "9.4"]
[White "Sarakauskas, Gediminas"]
[Black "Jones, Steven A"]
[Result "1/2-1/2"]
[BlackElo "2088"]
[WhiteElo "2311"]
[LiveChessVersion "1.4.8"]

1. e4 {[%clk 0:20:19]} c5 {[%clk 0:20:17]} 2. Nf3 {[%clk 0:20:28]} Nc6
{[%clk 0:20:26]} 3. Bb5 {[%clk 0:20:35]} g6 {[%clk 0:20:35]} 4. O-O
{[%clk 0:20:42]} Bg7 {[%clk 0:20:43]} 5. c3 {[%clk 0:20:50]} Nf6 {[%clk 0:20:48]}
6. Re1 {[%clk 0:20:58]} O-O {[%clk 0:20:29]} 7. d4 {[%clk 0:21:06]} cxd4
{[%clk 0:20:34]} 8. cxd4 {[%clk 0:21:15]} d5 {[%clk 0:20:40]} 9. e5
{[%clk 0:21:24]} Ne4 {[%clk 0:20:48]} 10. Bxc6 {[%clk 0:21:33]} bxc6
{[%clk 0:20:58]} 11. Nbd2 {[%clk 0:21:41]} Nxd2 {[%clk 0:19:58]} 12. Nxd2
{[%clk 0:21:49]} f6 {[%clk 0:19:46]} 13. exf6 {[%clk 0:21:57]} exf6
{[%clk 0:19:52]} 14. Nb3 {[%clk 0:21:57]} Qd6 {[%clk 0:19:25]} 15. Bd2
{[%clk 0:18:46]} Bf5 {[%clk 0:17:35]} 16. Nc5 {[%clk 0:17:13]} Rab8
{[%clk 0:16:49]} 17. b3 {[%clk 0:16:58]} Rfe8 {[%clk 0:16:04]} 18. Qf3
{[%clk 0:17:06]} Qf8 {[%clk 0:15:26]} 19. Qf4 {[%clk 0:14:48]} Rxe1+
{[%clk 0:15:05]} 20. Rxe1 {[%clk 0:14:53]} Re8 {[%clk 0:15:12]} 21. Be3
{[%clk 0:13:30]} Qe7 {[%clk 0:13:42]} 22. h3 {[%clk 0:13:09]} Qd8
{[%clk 0:12:18]} 23. Rc1 {[%clk 0:12:02]} Bf8 {[%clk 0:11:18]} 24. Nb7
{[%clk 0:09:30]} Qd7 {[%clk 0:09:46]} 25. Na5 {[%clk 0:09:38]} Bd6
{[%clk 0:09:35]} 26. Qf3 {[%clk 0:09:19]} Ba3 {[%clk 0:08:19]} 27. Rxc6
{[%clk 0:09:17]} Bb4 {[%clk 0:08:26]} 28. Ra6 {[%clk 0:09:05]} Bd3
{[%clk 0:08:33]} 29. Qxf6 {[%clk 0:08:37]} Bxa6 {[%clk 0:08:18]} 30. Qxa6
{[%clk 0:08:46]} Re6 {[%clk 0:08:03]} 31. Qb7 {[%clk 0:08:21]} Qxb7
{[%clk 0:07:08]} 32. Nxb7 {[%clk 0:08:31]} Ra6 {[%clk 0:07:01]} 33. a4
{[%clk 0:07:59]} Rb6 {[%clk 0:07:09]} 34. Nc5 {[%clk 0:08:08]} Bxc5
{[%clk 0:07:17]} 35. dxc5 {[%clk 0:08:17]} Rxb3 36. c6 Rc3 {[%clk 0:07:03]} 37.
Bxa7 {[%clk 0:08:22]} Rxc6 {[%clk 0:07:09]} 38. a5 {[%clk 0:08:30]} Rc1+
{[%clk 0:07:05]} 39. Kh2 {[%clk 0:08:36]} Ra1 {[%clk 0:06:51]} 40. Bb6
{[%clk 0:08:44]} Ra3 {[%clk 0:06:38]} 41. f3 {[%clk 0:07:27]} Kf7
{[%clk 0:06:36]} 42. Kg3 {[%clk 0:07:36]} Ke6 {[%clk 0:06:44]} 43. Kf4
{[%clk 0:07:45]} h6 {[%clk 0:06:34]} 44. h4 {[%clk 0:06:17]} Ra4+
{[%clk 0:06:40]} 45. Ke3 {[%clk 0:06:26]} Rxh4 {[%clk 0:04:43]} 46. Bd4
{[%clk 0:06:24]} Kd6 {[%clk 0:04:24]} 47. a6 {[%clk 0:06:32]} Kc6
{[%clk 0:04:32]} 48. g3 {[%clk 0:06:07]} Rh2 {[%clk 0:04:31]} 49. a7
{[%clk 0:05:50]} Ra2 {[%clk 0:04:38]} 50. Kf4 {[%clk 0:05:58]} Kb5
{[%clk 0:04:43]} 51. Ke5 {[%clk 0:05:59]} Kc4 {[%clk 0:04:51]} 52. f4
{[%clk 0:03:32]} Re2+ {[%clk 0:04:38]} 53. Kf6 {[%clk 0:02:51]} Re8
{[%clk 0:04:45]} 54. Bb6 {[%clk 0:02:46]} d4 {[%clk 0:04:32]} 55. Kxg6
{[%clk 0:02:54]} d3 {[%clk 0:04:36]} 56. Be3 {[%clk 0:03:03]} Ra8
{[%clk 0:04:36]} 57. f5 {[%clk 0:02:18]} Rxa7 {[%clk 0:04:23]} 58. f6
{[%clk 0:02:26]} Kd5 {[%clk 0:03:38]} 59. f7 {[%clk 0:02:30]} Ra8
{[%clk 0:03:08]} 60. Kxh6 {[%clk 0:00:41]} Ke4 {[%clk 0:01:38]} 61. Bd2
{[%clk 0:00:25]} Kf3 {[%clk 0:01:41]} 62. Kg7 {[%clk 0:00:31]} Kxg3
{[%clk 0:01:43]} 1/2-1/2

[Event "British Rapidplay 2017"]
[Site "Leeds"]
[Date "2017.11.19"]
[Round "10.1"]
[White "Grattage, Matthew"]
[Black "Klingher, Dominic"]
[Result "1-0"]
[BlackElo "2143"]
[WhiteElo "2077"]
[LiveChessVersion "1.4.8"]

1. d4 {[%clk 0:20:18]} Nf6 {[%clk 0:20:03]} 2. Bf4 {[%clk 0:20:26]} d6
{[%clk 0:20:12]} 3. Nf3 {[%clk 0:20:25]} Nbd7 {[%clk 0:19:58]} 4. e3
{[%clk 0:20:26]} g6 {[%clk 0:19:46]} 5. Nbd2 {[%clk 0:20:23]} Bg7
{[%clk 0:19:53]} 6. Be2 {[%clk 0:20:10]} O-O {[%clk 0:20:00]} 7. O-O
{[%clk 0:20:17]} b6 {[%clk 0:20:05]} 8. b4 {[%clk 0:20:19]} c5 {[%clk 0:20:06]}
9. bxc5 {[%clk 0:20:26]} bxc5 {[%clk 0:20:15]} 10. c3 {[%clk 0:20:35]} Nd5
{[%clk 0:20:05]} 11. Qb3 {[%clk 0:20:15]} Nxf4 {[%clk 0:20:06]} 12. exf4
{[%clk 0:20:23]} cxd4 {[%clk 0:19:54]} 13. Nxd4 {[%clk 0:20:28]} Nc5
{[%clk 0:19:58]} 14. Qc2 {[%clk 0:20:20]} Bb7 {[%clk 0:19:57]} 15. Bf3
{[%clk 0:20:21]} Bxf3 {[%clk 0:19:49]} 16. N2xf3 Rc8 {[%clk 0:19:29]} 17. Rfe1
{[%clk 0:19:56]} e6 {[%clk 0:19:01]} 18. Rad1 {[%clk 0:19:55]} Qa5
{[%clk 0:18:55]} 19. c4 {[%clk 0:19:07]} Na4 {[%clk 0:18:27]} 20. Nb3
{[%clk 0:17:33]} Qc7 {[%clk 0:18:30]} 21. Nbd4 {[%clk 0:16:50]} Qxc4
{[%clk 0:18:06]} 22. Qxc4 {[%clk 0:16:58]} Rxc4 {[%clk 0:18:12]} 23. Nb5
{[%clk 0:17:07]} d5 {[%clk 0:18:05]} 24. g3 {[%clk 0:16:41]} Rb8 {[%clk 0:17:58]}
25. Rb1 {[%clk 0:16:23]} Rc2 {[%clk 0:17:02]} 26. Nxa7 {[%clk 0:16:02]} Rxb1
{[%clk 0:16:10]} 27. Rxb1 {[%clk 0:16:11]} Rxa2 {[%clk 0:16:19]} 28. Rb8+
{[%clk 0:16:06]} Bf8 {[%clk 0:16:27]} 29. Ne5 {[%clk 0:15:50]} Nc5
{[%clk 0:15:10]} 30. Nac6 {[%clk 0:15:27]} Ra6 {[%clk 0:11:27]} 31. Rc8
{[%clk 0:14:17]} f6 {[%clk 0:08:01]} 32. Ng4 {[%clk 0:09:52]} Ne4
{[%clk 0:07:02]} 33. f3 {[%clk 0:09:26]} Ra1+ {[%clk 0:05:52]} 34. Kg2
{[%clk 0:09:34]} Ra2+ {[%clk 0:05:58]} 35. Kg1 {[%clk 0:07:39]} h5
{[%clk 0:05:47]} 36. fxe4 {[%clk 0:06:56]} hxg4 {[%clk 0:05:55]} 37. exd5
{[%clk 0:07:05]} exd5 {[%clk 0:06:04]} 38. Ne7+ {[%clk 0:07:09]} Kf7
{[%clk 0:06:12]} 39. Nxd5 {[%clk 0:07:17]} Bd6 {[%clk 0:05:50]} 40. Ne3
{[%clk 0:07:03]} f5 {[%clk 0:05:50]} 41. Nc4 {[%clk 0:07:04]} Bb4
{[%clk 0:05:13]} 42. Ne5+ {[%clk 0:07:07]} Ke6 {[%clk 0:05:21]} 43. Nxg6
{[%clk 0:07:06]} Kd5 {[%clk 0:05:29]} 44. Nh4 {[%clk 0:06:43]} Ke4
{[%clk 0:05:05]} 45. Re8+ {[%clk 0:06:49]} Kd3 {[%clk 0:05:14]} 46. h3
{[%clk 0:05:05]} Bc5+ {[%clk 0:01:56]} 47. Kh1 {[%clk 0:05:06]} Ra1+
{[%clk 0:01:29]} 48. Kg2 {[%clk 0:05:07]} Ra2+ {[%clk 0:01:36]} 49. Kh1
{[%clk 0:05:15]} Ra1+ {[%clk 0:01:07]} 50. Kh2 {[%clk 0:05:23]} Ra2+
{[%clk 0:01:07]} 51. Ng2 {[%clk 0:05:25]} Ra1 {[%clk 0:01:04]} 52. hxg4
{[%clk 0:05:07]} fxg4 {[%clk 0:01:10]} 53. Re1 {[%clk 0:04:41]} Rxe1
{[%clk 0:00:19]} 54. Nxe1+ {[%clk 0:04:50]} Ke2 {[%clk 0:00:23]} 55. Ng2
{[%clk 0:04:48]} Kf1 {[%clk 0:00:12]} 56. Nh4 {[%clk 0:04:48]} Bg1+
{[%clk 0:00:19]} 57. Kh1 {[%clk 0:04:57]} Bf2 {[%clk 0:00:27]} 58. Nf5
{[%clk 0:05:03]} Be1 {[%clk 0:00:29]} 59. Kh2 {[%clk 0:05:06]} Ke2
{[%clk 0:00:33]} 60. Kg2 {[%clk 0:05:05]} Kd3 {[%clk 0:00:35]} 61. Nh6
{[%clk 0:05:13]} Ke4 {[%clk 0:00:44]} 62. Nxg4 {[%clk 0:05:21]} Bd2
{[%clk 0:00:39]} 63. Nf2+ {[%clk 0:05:26]} Kf5 {[%clk 0:00:33]} 64. Kf3
{[%clk 0:05:33]} Bb4 {[%clk 0:00:40]} 65. g4+ {[%clk 0:05:42]} Kg6
{[%clk 0:00:48]} 66. Nd3 {[%clk 0:05:49]} Bc3 {[%clk 0:00:53]} 67. f5+
{[%clk 0:05:49]} Kg5 {[%clk 0:00:59]} 68. Nf2 {[%clk 0:05:58]} Be5
{[%clk 0:01:06]} 69. Ne4+ {[%clk 0:06:06]} Kh6 {[%clk 0:01:14]} 70. Nc5
{[%clk 0:06:00]} Kg5 {[%clk 0:01:18]} 71. Ne6+ {[%clk 0:06:09]} Kf6
{[%clk 0:01:25]} 72. Ke4 {[%clk 0:06:16]} Bd6 {[%clk 0:01:31]} 73. g5+
{[%clk 0:06:24]} Ke7 {[%clk 0:01:39]} 74. Nf4 {[%clk 0:06:30]} Kf7
{[%clk 0:01:47]} 75. f6 {[%clk 0:06:33]} Bb4 {[%clk 0:01:53]} 76. Kf5
{[%clk 0:06:42]} Bc3 {[%clk 0:02:00]} 77. g6+ {[%clk 0:06:50]} Kg8
{[%clk 0:02:06]} 78. f7+ {[%clk 0:06:59]} Kf8 {[%clk 0:02:08]} 79. Ne6+
{[%clk 0:07:08]} Ke7 {[%clk 0:02:17]} 80. f8=Q+ {[%clk 0:07:15]} Kd7
{[%clk 0:02:26]} 81. Qd8+ {[%clk 0:07:23]} Kc6 {[%clk 0:02:35]} 82. Qc7+
{[%clk 0:07:32]} Kd5 {[%clk 0:02:44]} 83. Qc5# 1-0

[Event "British Rapidplay 2017"]
[Site "Leeds"]
[Date "2017.11.19"]
[Round "10.2"]
[White "Han, Yichen"]
[Black "Alsina Leal, Daniel"]
[Result "0-1"]
[BlackElo "2508"]
[WhiteElo "1790"]
[LiveChessVersion "1.4.8"]

1. e4 {[%clk 0:20:01]} c5 {[%clk 0:20:19]} 2. Nf3 {[%clk 0:20:08]} d6
{[%clk 0:20:27]} 3. d4 {[%clk 0:20:17]} cxd4 {[%clk 0:20:35]} 4. Nxd4
{[%clk 0:20:26]} Nf6 {[%clk 0:20:44]} 5. Nc3 {[%clk 0:20:35]} a6 {[%clk 0:20:52]}
6. Be3 {[%clk 0:20:43]} e5 {[%clk 0:20:59]} 7. Nb3 {[%clk 0:20:51]} Be6
{[%clk 0:21:05]} 8. f3 {[%clk 0:20:55]} Be7 {[%clk 0:21:10]} 9. Qd2
{[%clk 0:21:03]} O-O {[%clk 0:21:16]} 10. O-O-O {[%clk 0:21:06]} Nbd7
{[%clk 0:21:23]} 11. g4 {[%clk 0:21:12]} b5 {[%clk 0:21:31]} 12. g5
{[%clk 0:21:17]} b4 {[%clk 0:21:39]} 13. Ne2 {[%clk 0:21:23]} Ne8
{[%clk 0:21:45]} 14. h4 {[%clk 0:20:52]} a5 {[%clk 0:21:44]} 15. Kb1
{[%clk 0:20:45]} a4 {[%clk 0:21:53]} 16. Nbc1 {[%clk 0:20:52]} b3
{[%clk 0:22:01]} 17. cxb3 {[%clk 0:20:30]} axb3 {[%clk 0:22:09]} 18. a3
{[%clk 0:20:39]} d5 {[%clk 0:18:55]} 19. exd5 {[%clk 0:19:49]} Bf5+
{[%clk 0:19:03]} 20. Nd3 {[%clk 0:19:15]} Nd6 {[%clk 0:18:29]} 21. Ng3
{[%clk 0:18:14]} Nc4 {[%clk 0:11:20]} 22. Qc1 {[%clk 0:17:47]} Nxe3
{[%clk 0:09:40]} 23. Qxe3 {[%clk 0:17:54]} Bxd3+ {[%clk 0:08:45]} 24. Bxd3
{[%clk 0:17:46]} Bxa3 {[%clk 0:07:38]} 25. bxa3 {[%clk 0:15:04]} Rxa3
{[%clk 0:07:47]} 26. Qe4 {[%clk 0:12:31]} g6 {[%clk 0:07:49]} 27. Qb4
{[%clk 0:11:28]} Qa8 {[%clk 0:07:30]} 28. Kb2 {[%clk 0:11:04]} Ra2+
{[%clk 0:07:16]} 29. Kxb3 {[%clk 0:10:47]} Rb8 {[%clk 0:07:07]} 30. Qxb8+
{[%clk 0:09:49]} Nxb8 {[%clk 0:07:15]} 31. Rb1 {[%clk 0:09:08]} Nd7
{[%clk 0:06:18]} 32. Rhc1 {[%clk 0:09:00]} Qa3+ {[%clk 0:05:36]} 33. Kc4
{[%clk 0:09:08]} Qc5+ {[%clk 0:05:38]} 34. Kb3 {[%clk 0:09:12]} Ra3+
{[%clk 0:05:39]} 35. Kb2 {[%clk 0:09:18]} Qb4+ {[%clk 0:05:44]} 36. Kc2
{[%clk 0:09:27]} Ra2+ {[%clk 0:05:44]} 0-1

[Event "British Rapidplay 2017"]
[Site "Leeds"]
[Date "2017.11.19"]
[Round "10.3"]
[White "Golimowski, Pawel"]
[Black "Jones, Steven A"]
[Result "0-1"]
[BlackElo "2088"]
[WhiteElo "1877"]
[LiveChessVersion "1.4.8"]

1. e4 {[%clk 0:20:18]} c5 {[%clk 0:20:19]} 2. Nc3 {[%clk 0:20:26]} g6
{[%clk 0:20:26]} 3. Nge2 {[%clk 0:20:32]} Bg7 {[%clk 0:20:34]} 4. g3
{[%clk 0:20:41]} Nc6 {[%clk 0:20:43]} 5. Bg2 {[%clk 0:20:49]} Rb8
{[%clk 0:20:47]} 6. d3 {[%clk 0:20:57]} b5 {[%clk 0:20:55]} 7. O-O
{[%clk 0:20:21]} e6 {[%clk 0:21:04]} 8. Rb1 {[%clk 0:19:57]} Nge7
{[%clk 0:21:02]} 9. Be3 {[%clk 0:20:04]} Nd4 {[%clk 0:20:50]} 10. Qd2
{[%clk 0:19:58]} O-O {[%clk 0:20:48]} 11. Nd1 {[%clk 0:19:57]} b4
{[%clk 0:20:16]} 12. Nxd4 {[%clk 0:19:14]} cxd4 {[%clk 0:20:24]} 13. Bh6
{[%clk 0:19:09]} Bxh6 {[%clk 0:19:44]} 14. Qxh6 {[%clk 0:19:16]} Qa5
{[%clk 0:19:50]} 15. Ra1 {[%clk 0:18:19]} Ba6 {[%clk 0:19:59]} 16. a3
{[%clk 0:17:49]} b3 {[%clk 0:19:33]} 17. c4 {[%clk 0:16:18]} dxc3
{[%clk 0:19:40]} 18. Nxc3 {[%clk 0:16:24]} Bxd3 {[%clk 0:18:55]} 19. Rfd1
{[%clk 0:16:30]} Bb5 {[%clk 0:18:57]} 20. Qg5 {[%clk 0:16:07]} Nc6
{[%clk 0:18:42]} 21. a4 {[%clk 0:15:05]} Ba6 {[%clk 0:18:14]} 22. Qxa5
{[%clk 0:15:05]} Nxa5 {[%clk 0:18:23]} 23. Rxd7 {[%clk 0:15:01]} Rb7
{[%clk 0:17:41]} 24. Rd6 {[%clk 0:13:36]} Rb6 {[%clk 0:17:49]} 25. Rxb6
{[%clk 0:12:21]} axb6 {[%clk 0:17:58]} 26. Bf1 {[%clk 0:10:53]} Bxf1
{[%clk 0:18:04]} 27. Kxf1 {[%clk 0:11:02]} Nc4 {[%clk 0:18:05]} 28. Ke2
{[%clk 0:09:45]} Rc8 {[%clk 0:17:45]} 29. Nd1 {[%clk 0:09:29]} Rd8
{[%clk 0:17:53]} 30. Rc1 {[%clk 0:07:22]} Rd2+ {[%clk 0:18:01]} 31. Ke1
{[%clk 0:07:31]} Rc2 {[%clk 0:18:10]} 32. Rb1 {[%clk 0:06:48]} e5
{[%clk 0:18:05]} 33. h4 {[%clk 0:06:45]} h5 {[%clk 0:18:06]} 34. Nc3
{[%clk 0:04:32]} Nxb2 {[%clk 0:18:02]} 35. Nd5 {[%clk 0:03:27]} Nd3+
{[%clk 0:18:01]} 36. Kd1 {[%clk 0:02:44]} Nxf2+ {[%clk 0:18:09]} 37. Ke1
{[%clk 0:02:44]} b2 {[%clk 0:18:17]} 38. Nc3 {[%clk 0:02:01]} Nd3+
{[%clk 0:18:18]} 0-1